| 000 | 00801cab a2200217 4500 | ||
|---|---|---|---|
| 001 | X3589 | ||
| 008 | 090401t1996 xxu||||| |||| 00| 0 eng d | ||
| 035 | _a(Sirsi) u31344 | ||
| 041 | _aeng | ||
| 245 | _aRoche Products Ltd v Freeman Process Systems and another; Black Country Development Corporation v Kier Construction | ||
| 260 | _c1996 | ||
| 350 | _a0 | ||
| 490 |
_aConstruction Industry Law Letter _v1996 CILL 1171-1173(3) |
||
| 520 | _aHC 10 July 1996. Incorporation of arbitration agreements. "Ben Barrett v H Henry Boot" not followed. Arbitration Act 1950 s4. Exercise of discretion. | ||
| 650 | _aARBITRATION ACT 1950 S4 | ||
| 650 | _aARBITRATION AGREEMENTS | ||
| 650 | _aINCORPORATION OF ARBITRATION CLAUSES | ||
| 690 | _aARBITRATION-CASE LAW | ||
| 942 | _n0 | ||
| 948 | _c04/03/1997 | ||
| 999 |
_c21048 _d21048 |
||